Chansons de Jul - Album My World - Statistiques

Statistiques générales
  • Ce quiz a été pris 37 fois
  • Le résultat moyen est 11 sur 21
Statistiques - réponses
Ordre dans l'album Chansons % Correct
01 Amnésia
81%
06 En Y
81%
17 Wesh alors
77%
02 Dans la légende
65%
05 Comme d'hab
62%
15 Mama
62%
14 Lova
58%
21 Mercé
58%
08 Pour les taulards
58%
16 Ne m'en voulez pas
54%
13 La gâchette
50%
03 Encore des paroles
46%
18 Ils m'ignorent
46%
07 Dans l'appart
42%
20 En place
38%
04 Il me faut des billets
38%
19 Pour les vaillants
38%
12 C'est réel
35%
11 Dans le futur
35%
10 Ghost Rider
35%
09 Mamasita
35%
Aucun quiz correspondant
Distribution des résultats
% des personnes avec chaque résultat
Percentile par nombre de réponses
Votre historique - résultats
Vous n’avez pas pris ce quiz